000 00535nam a22001697i 4500
020 _a9719237341
050 1 4 _aHF 5635
_bV152
100 _aValencia, Edwin G.
245 _aBasic accounting:
_bconcepts, principles, procedures and applications
_cEdwin G. Valencia
264 1 _aBaguio City:
_bValencia Educational Supply,
_c2002.
300 _a591 pages;
_c23 cm.
336 _atext
_btxt
_2rdacontent
337 _aunmediated
_bn
_2rdamedia
338 _avolume
_bnc
_2rdacarrier
650 _a1.Accounting--Textbooks. I.Title.
942 _cF
999 _c4071
_d4071